| 000 | 01910nam0a2200385 4500 | ||
|---|---|---|---|
| 001 | RU\NLR\BIBL_A\022064170 | ||
| 005 | 20231130152500.0 | ||
| 010 |
_a978-5-4396-2559-8 _93000 |
||
| 021 |
_aRU _bКН-П-23-062233 _9КН-П-23-6307 |
||
| 035 | _a(NLR Aleph) 022064170 | ||
| 035 | _a(RuMoRGB)012179770 | ||
| 090 |
_a12637358 _c12637358 |
||
| 100 | _a20231101d2023 k y0rusy50 ca | ||
| 101 | 0 | _arus | |
| 102 | _aRU | ||
| 105 | _aa z 000zy | ||
| 181 | 0 |
_ai3 _baxxe |
|
| 182 | 0 | _an | |
| 200 | 1 |
_aТеоретическая модель криминалистической деятельности следователя _eмонография _fЮ. С. Комягина, С. В. Лаврухин |
|
| 203 |
_aТекст _bвизуальный _cнепосредственный |
||
| 210 |
_aМосква _cЮрлитинформ _d2023 |
||
| 215 |
_a454, [1] с. _cтабл. _d21 |
||
| 225 | 1 | _aБиблиотека криминалиста | |
| 300 | _aНа обороте тит. с. авт.: Комягина Ю. С. - канд. юрид. наук, доц., Лаврухин С. В. - канд. юрид. наук, доц. | ||
| 320 | _aБиблиогр.: с. 421-453 и в подстроч. примеч. | ||
| 606 | 1 |
_aПреступления _xРасследование _xКриминалистическая тактика _yРоссийская Федерация _2nlr_sh2 _3RU\NLR\AUTH\661547287 |
|
| 606 | 1 |
_aПреступления _xРасследование _xТехнико-криминалистические средства _2nlr_sh1 _2nlr_sh2 _3RU\NLR\AUTH\661282701 |
|
| 686 | 1 | _aХ629.42 | |
| 686 | 1 | _aХ629.41 | |
| 700 | 1 |
_aКомягина _bЮ. С. _gЮлия Сергеевна |
|
| 701 | 1 |
_aЛаврухин _bС. В. _gСергей Витальевич |
|
| 942 | _cBOOK | ||
| 980 | _aNB | ||